000
00217nam a22000857a 4500
008
170104b xxu||||| |||| 00| 0 eng d
100
_9
2253
_a
Chugh.R.K
245
_a
Computer Acivity Book-4
260
_a
New Delhi
_b
G.R.B
_c
2012
999
_c
5140
_d
5140